[Event "Goldener Springer"]
[Site "FrankfurtIMain"]
[Date "2018.??.??"]
[Round "1.1"]
[White "Spiegelberg, Silvia"]
[Black "Adamczyk, Matthias"]
[Result "1/2-1/2"]
[WhiteElo "1892"]
[BlackElo "1817"]
[PlyCount "96"]
[EventDate "2018.??.??"]
[WhiteTeam "SF Sasbach"]
[BlackTeam "SC Weiterstadt"]

1. e4 c5 2. Nf3 Nc6 3. d4 cxd4 4. Nxd4 e6 5. Be3 Nf6 6. Nd2 d5 7. exd5 exd5 8.
Be2 Bd6 9. O-O O-O 10. N2f3 Bg4 11. h3 Bh5 12. c3 Re8 13. Qa4 Qc7 14. Nb5 Qb8
15. Nxd6 Qxd6 16. Rad1 a6 17. Rfe1 Rad8 18. Nd4 Bxe2 19. Nxe2 Ne5 20. Bf4 Qb6
21. Nd4 Nc6 22. Qb3 Qxb3 23. Rxe8+ Rxe8 24. Nxb3 Re2 25. Nd2 h6 26. Be3 d4 27.
cxd4 Nd5 28. Nc4 b5 29. Nd2 Nxe3 30. fxe3 Rxe3 31. Nf3 Re7 32. Kf2 Kf8 33. d5
Rd7 34. Ke2 Ne7 35. d6 Nf5 36. Nd4 Nxd4+ 37. Rxd4 f6 38. Kf3 Kf7 39. Kg4 g6 40.
h4 h5+ 41. Kf3 Ke6 42. Re4+ Kxd6 43. Re8 Rc7 44. Rg8 Ke6 45. Rxg6 Rc2 46. g4
hxg4+ 47. Rxg4 Kf5 48. Rb4 Rc5 1/2-1/2

[Event "Goldener Springer"]
[Site "FrankfurtIMain"]
[Date "2018.??.??"]
[Round "1.2"]
[White "Rutsatz, Mario"]
[Black "Feicht, Arno"]
[Result "1-0"]
[WhiteElo "1993"]
[BlackElo "1943"]
[PlyCount "163"]
[EventDate "2018.??.??"]
[WhiteTeam "SF Frankfurt"]
[BlackTeam "SV Alsfeld"]

1. c4 Nf6 2. Nf3 g6 3. Nc3 Bg7 4. g3 O-O 5. Bg2 d6 6. O-O Nc6 7. Rb1 e5 8. b4
Bf5 9. d3 Qd7 10. b5 Nd8 11. Bg5 h6 12. Bxf6 Bxf6 13. Nd5 Bg7 14. Re1 c6 15.
bxc6 Nxc6 16. Qb3 Rab8 17. Qb5 Qd8 18. Nd2 Be6 19. e3 Kh7 20. Nb4 Ne7 21. Qa4
a5 22. Nd5 Nc6 23. Rb5 Bxd5 24. cxd5 Nb4 25. Qxa5 Nxd3 26. Qxd8 Rfxd8 27. Reb1
Ra8 28. R1b3 Nc5 29. Rb2 Ra4 30. Nb3 Nxb3 31. R5xb3 e4 32. Rc2 Rd7 33. Bf1 Re7
34. Bb5 Ra5 35. a4 Be5 36. Rb4 f5 37. Rbc4 Ra7 38. Rc8 Kg7 39. h4 g5 40. h5 b6
41. Rd8 Rec7 42. Rc6 Rab7 43. Ra8 Kf6 44. Rg8 Rg7 45. Rh8 Rh7 46. Rxh7 Rxh7 47.
Rxb6 Ra7 48. Rb8 Kf7 49. Kf1 Rc7 50. Bc6 f4 51. gxf4 gxf4 52. exf4 Bxf4 53. a5
Be5 54. a6 Bd4 55. Rb4 Bc5 56. Rxe4 Re7 57. Rf4+ Kg7 58. Rg4+ Kh7 59. Ra4 Ba7
60. Rb4 Kg7 61. Rb7 Rxb7 62. axb7 Kf6 63. Ke2 Kg5 64. Be8 Kf4 65. f3 Ke5 66.
Bf7 Kd4 67. Be6 Kc5 68. Kd3 Kb6 69. Bc8 Kc7 70. Ke4 Bf2 71. Kf5 Bd4 72. f4 Be3
73. Ke4 Bc1 74. f5 Bb2 75. Kd3 Ba1 76. Kc4 Bf6 77. Kb5 Bd8 78. Ka6 Kb8 79. Bd7
Bf6 80. Kb6 Bd8+ 81. Kc6 Be7 82. Bc8 1-0

[Event "Goldener Springer"]
[Site "FrankfurtIMain"]
[Date "2018.??.??"]
[Round "1.3"]
[White "Kuban, Guenther"]
[Black "Geske, Julian"]
[Result "1-0"]
[WhiteElo "2109"]
[BlackElo "2401"]
[PlyCount "45"]
[EventDate "2018.??.??"]
[WhiteTeam "SV Oberursel"]
[BlackTeam "Wiesbadener SV"]

1. d4 d5 2. Nf3 c6 3. c4 dxc4 4. e4 b5 5. e5 e6 6. Nc3 a6 7. Ne4 Nd7 8. Be2 Bb7
9. O-O c5 10. Nfg5 cxd4 11. Nxf7 Kxf7 12. Ng5+ Ke7 13. Nxe6 Kxe6 14. Bg4+ Kf7
15. e6+ Ke7 16. exd7 Qb6 17. Re1+ Kf7 18. Be6+ Qxe6 19. Rxe6 Kxe6 20. Qxd4 Rd8
21. Qb6+ Kxd7 22. Bg5 Be7 23. Rd1+ 1-0

[Event "Goldener Springer"]
[Site "FrankfurtIMain"]
[Date "2018.??.??"]
[Round "1.4"]
[White "Weiland, Thomas"]
[Black "Pessotschinski, Eduard"]
[Result "1-0"]
[WhiteElo "1790"]
[BlackElo "1367"]
[PlyCount "97"]
[EventDate "2018.??.??"]
[WhiteTeam "SV Oberursel"]
[BlackTeam "TuS Makkabi"]

1. e4 c5 2. Nf3 d6 3. d4 cxd4 4. Nxd4 Nf6 5. Nc3 g6 6. Be2 Bg7 7. O-O O-O 8.
Be3 Bd7 9. h3 Nc6 10. Bf3 Ne5 11. Be2 Qc8 12. Re1 a6 13. a4 Nc6 14. a5 Nxd4 15.
Bxd4 Bc6 16. Bf3 Rd8 17. Nd5 Bxd5 18. exd5 Re8 19. c3 Qc4 20. b3 Qc7 21. Ra4
Nd7 22. Bxg7 Kxg7 23. Qd4+ Ne5 24. Rea1 Kg8 25. Be2 Rac8 26. c4 Qc5 27. Qxc5
dxc5 28. f4 Nd7 29. Bf3 Rc7 30. Re1 Nf6 31. Ra2 e6 32. Rae2 Rce7 33. g4 Kf8 34.
g5 Ng8 35. Re5 exd5 36. cxd5 Rd8 37. Rc1 Rc7 38. Rc4 Ne7 39. b4 Rcd7 40. Rxc5
Kg7 41. Kf2 f6 42. gxf6+ Kxf6 43. b5 Nf5 44. bxa6 bxa6 45. Rc6+ Rd6 46. Re6+
Kf7 47. Rxa6 Rxa6 48. Rxa6 Rxd5 49. Bxd5+ 1-0

[Event "Goldener Springer"]
[Site "FrankfurtIMain"]
[Date "2018.??.??"]
[Round "1.5"]
[White "Schupp, Tobias"]
[Black "Heun, Andreas"]
[Result "1-0"]
[WhiteElo "2157"]
[BlackElo "1707"]
[PlyCount "57"]
[EventDate "2018.??.??"]
[WhiteTeam "SK Niederbrechen"]
[BlackTeam "SC Ladja Roßdorf"]

1. Nf3 Nf6 2. b3 e6 3. e3 d5 4. Bb2 Be7 5. d4 Nbd7 6. Bd3 c5 7. Nbd2 Qa5 8. O-O
b5 9. c4 Ba6 10. Ne5 Nxe5 11. dxe5 Nd7 12. cxd5 exd5 13. Bf5 O-O-O 14. Nf3 Bb7
15. a3 Kb8 16. b4 Qb6 17. bxc5 Bxc5 18. Qd2 Rhe8 19. Bc3 Qh6 20. a4 g6 21. Bxd7
Rxd7 22. Nd4 bxa4 23. Rxa4 g5 24. Rb1 Qg6 25. Qb2 Rc8 26. Bb4 Qb6 27. Bxc5 Qxc5
28. Rb4 Qe7 29. Nf5 1-0

[Event "Goldener Springer"]
[Site "FrankfurtIMain"]
[Date "2018.??.??"]
[Round "1.6"]
[White "Pishanidar, Borzou"]
[Black "Rudolph, Peter"]
[Result "0-1"]
[WhiteElo "1860"]
[BlackElo "2095"]
[PlyCount "36"]
[EventDate "2018.??.??"]
[WhiteTeam "SV Andernach"]
[BlackTeam "SK Gießen"]

1. d4 c5 2. e3 e6 3. Nf3 d5 4. Bb5+ Bd7 5. Qe2 Nf6 6. b3 Qa5+ 7. Bd2 Qxb5 8. c4
Qb6 9. O-O Nc6 10. Nc3 cxd4 11. Na4 Qa6 12. exd4 dxc4 13. bxc4 Qxa4 14. d5 Be7
15. dxc6 Bxc6 16. Nd4 O-O 17. Nxe6 fxe6 18. Qxe6+ Rf7 0-1

[Event "Goldener Springer"]
[Site "FrankfurtIMain"]
[Date "2018.??.??"]
[Round "1.7"]
[White "Zalewski, Ulrich"]
[Black "Maam, Tsendjav"]
[Result "0-1"]
[WhiteElo "1821"]
[BlackElo "1855"]
[PlyCount "40"]
[EventDate "2018.??.??"]
[WhiteTeam "Biebertaler SF"]

1. e4 g6 2. d4 Bg7 3. f4 d6 4. Nc3 Nf6 5. Nf3 O-O 6. Bd3 c6 7. O-O Nbd7 8. Kh1
b5 9. Be3 a5 10. Nh4 b4 11. Ne2 e5 12. f5 Ng4 13. f6 Nxe3 14. Qc1 Bxf6 15. Qxe3
Bxh4 16. Rf3 Bg5 17. Qf2 exd4 18. Qxd4 Ne5 19. Rff1 c5 20. Qf2 c4 0-1

[Event "Goldener Springer"]
[Site "FrankfurtIMain"]
[Date "2018.??.??"]
[Round "1.8"]
[White "Bennedik, Martin"]
[Black "Koch, Markus"]
[Result "1-0"]
[WhiteElo "2073"]
[BlackElo "2126"]
[PlyCount "91"]
[EventDate "2018.??.??"]
[WhiteTeam "SV Frankfurt Nord"]
[BlackTeam "SC Brett vorm Kopp"]

1. e4 c5 2. Nf3 d6 3. d4 cxd4 4. Nxd4 Nf6 5. Nc3 a6 6. Be2 e5 7. Nb3 Be6 8. O-O
Nbd7 9. Be3 Rc8 10. Qd2 Be7 11. a4 O-O 12. a5 Qc7 13. Bf3 b5 14. Rfc1 Qb7 15.
Qd3 Bc4 16. Qd1 Rfd8 17. Nd2 Be6 18. Bg5 h6 19. Bh4 b4 20. Nd5 Bxd5 21. exd5
Re8 22. Nf1 e4 23. Be2 Rc5 24. Ne3 Nxd5 25. Bxe7 Nxe3 26. fxe3 Rd5 27. Qf1 Rxe7
28. Bxa6 Qa7 29. Bb5 Qxe3+ 30. Kh1 Nf6 31. Rd1 Rh5 32. Be2 Rc5 33. Rxd6 Rxc2
34. Rd8+ Re8 35. Rxe8+ Nxe8 36. Bb5 Nd6 37. Bd7 Rc7 38. Bg4 f5 39. Bh5 g5 40.
h3 Qc5 41. a6 f4 42. Qd1 Ra7 43. Rc1 Qe5 44. Rc6 Nf5 45. Qd8+ Kg7 46. Rg6+ 1-0

[Event "Goldener Springer"]
[Site "FrankfurtIMain"]
[Date "2018.??.??"]
[Round "1.9"]
[White "Voellinger, Florian"]
[Black "Stock, Juergen"]
[Result "1/2-1/2"]
[WhiteElo "1861"]
[BlackElo "1938"]
[PlyCount "95"]
[EventDate "2018.??.??"]
[WhiteTeam "SF Dettingen"]
[BlackTeam "Sfr. Kelkheim"]

1. d4 e6 2. c4 f5 3. Nf3 c6 4. g3 d5 5. Nbd2 Bd6 6. Bg2 Nf6 7. O-O Nbd7 8. Qc2
Nf8 9. a3 a5 10. b3 Ng6 11. Bb2 O-O 12. Ne1 f4 13. Nd3 fxg3 14. hxg3 Ng4 15. e4
Qg5 16. e5 Qh6 17. Rfe1 Qh2+ 18. Kf1 Qxg3 19. Nf3 Rxf3 20. Bxf3 Nh2+ 21. Ke2
Qxf3+ 22. Kd2 Be7 23. Bc1 Bg5+ 24. Kc3 Bxc1 25. Raxc1 Ng4 26. Kb2 Bd7 27. Nc5
Bc8 28. cxd5 Qxd5 29. Rcd1 b5 30. Rg1 Nh6 31. Rxg6 hxg6 32. Qxg6 Bd7 33. Ne4
Rf8 34. Nf6+ Rxf6 35. exf6 Nf5 36. fxg7 c5 37. Qf6 Nxg7 38. Kc1 cxd4 39. Rxd4
Qc5+ 40. Kb2 Be8 41. Rg4 Qf8 42. Qxe6+ Bf7 43. Qe5 Bxb3 44. Qxg7+ Qxg7+ 45.
Rxg7+ Kxg7 46. Kxb3 Kf6 47. Kc3 Ke5 48. Kd3 1/2-1/2

[Event "Goldener Springer"]
[Site "FrankfurtIMain"]
[Date "2018.??.??"]
[Round "1.10"]
[White "Makilla, Tobias"]
[Black "Lange, Lars"]
[Result "1-0"]
[WhiteElo "1943"]
[BlackElo "1835"]
[PlyCount "128"]
[EventDate "2018.??.??"]
[WhiteTeam "SC Hattersheim"]
[BlackTeam "Sfr. Kelkheim"]

1. e4 c5 2. Nf3 d6 3. Bb5+ Bd7 4. Bxd7+ Qxd7 5. O-O Nc6 6. c3 Nf6 7. Re1 e6 8.
d4 cxd4 9. cxd4 d5 10. e5 Ne4 11. Nbd2 Nxd2 12. Bxd2 Be7 13. Rc1 O-O 14. Re3
Rfc8 15. Rec3 a6 16. Qa4 b5 17. Qc2 Na7 18. Rc7 Rxc7 19. Qxc7 Qxc7 20. Rxc7 Bd8
21. Rb7 h6 22. Bb4 Nc6 23. Bc5 Rc8 24. Kf1 Rb8 25. Rd7 Rc8 26. Ke1 Rc7 27. Rd6
Be7 28. Rxc6 Rxc6 29. Bxe7 Rc2 30. Nd2 Rxb2 31. a3 Kh7 32. Bb4 Kg6 33. Ke2 Ra2
34. Ke3 a5 35. Bc5 Rb2 36. Bb6 b4 37. a4 Ra2 38. Bxa5 Ra3+ 39. Ke2 Rxa4 40. Bb6
b3 41. Kd3 b2 42. Bc5 Ra2 43. Nb1 f6 44. Ba3 fxe5 45. dxe5 Kf5 46. Kc2 Kxe5 47.
Kb3 Rxa3+ 48. Kxa3 Kd4 49. Kxb2 Kd3 50. Nc3 d4 51. Nb5 Ke2 52. f4 Ke3 53. Kc2
d3+ 54. Kd1 g5 55. fxg5 hxg5 56. Nd6 g4 57. Ke1 d2+ 58. Kd1 Kf2 59. g3 Kg2 60.
Kxd2 Kxh2 61. Ne4 Kg2 62. Ke2 e5 63. Ke3 Kg1 64. Kd3 Kg2 1-0

[Event "Goldener Springer"]
[Site "FrankfurtIMain"]
[Date "2018.??.??"]
[Round "1.11"]
[White "Sevall, Jacob"]
[Black "Ostermeier, Thorsten"]
[Result "1/2-1/2"]
[WhiteElo "1979"]
[BlackElo "1964"]
[PlyCount "48"]
[EventDate "2018.??.??"]
[BlackTeam "SF Frankfurt"]

1. d4 d5 2. Bf4 Nf6 3. e3 e6 4. Nf3 Bd6 5. Bg3 Nbd7 6. c3 Qe7 7. Nbd2 e5 8.
Nxe5 Nxe5 9. dxe5 Bxe5 10. Bxe5 Qxe5 11. Qa4+ Bd7 12. Qd4 Qe7 13. Be2 O-O 14.
O-O Rfd8 15. Rfe1 Bf5 16. Nf3 Ne4 17. Rad1 Rd6 18. Qe5 Qxe5 19. Nxe5 Rad8 20.
Nd3 b6 21. f3 Nf6 22. Kf2 h6 23. Nc1 Kf8 24. Bd3 Bxd3 1/2-1/2

[Event "Goldener Springer"]
[Site "FrankfurtIMain"]
[Date "2018.??.??"]
[Round "1.12"]
[White "Reichelt, Florian"]
[Black "Calvi, Stefan"]
[Result "0-1"]
[WhiteElo "1865"]
[BlackElo "2081"]
[PlyCount "38"]
[EventDate "2018.??.??"]
[WhiteTeam "SC Butzbach"]
[BlackTeam "SF Frankfurt"]

1. e4 c5 2. Nf3 Nc6 3. d4 cxd4 4. Nxd4 Nf6 5. Nc3 e5 6. Ndb5 d6 7. f3 a6 8. Na3
b5 9. Nd5 Be7 10. Be3 Rb8 11. c3 O-O 12. Be2 Re8 13. O-O Be6 14. Nxf6+ Bxf6 15.
Qd2 d5 16. Nc2 d4 17. Bf2 Bg5 18. Qe1 d3 19. Rd1 d2 0-1

[Event "Goldener Springer"]
[Site "FrankfurtIMain"]
[Date "2018.??.??"]
[Round "1.13"]
[White "Cherny, Andrey"]
[Black "Gries, Volker"]
[Result "0-1"]
[WhiteElo "2162"]
[BlackElo "2055"]
[PlyCount "160"]
[EventDate "2018.??.??"]
[WhiteTeam "Kasseler SK"]
[BlackTeam "SV Oberursel"]

1. d4 Nf6 2. Bf4 d5 3. e3 e6 4. Nd2 Bd6 5. Bg3 O-O 6. Bd3 b6 7. Qe2 Bb7 8. Bxd6
cxd6 9. f4 Nc6 10. c3 e5 11. O-O-O Qc8 12. Kb1 Qg4 13. Qf1 exd4 14. exd4 Ne4
15. Ne2 Rfe8 16. Nf3 Na5 17. h3 Qd7 18. g4 Nc4 19. Bxc4 dxc4 20. Rg1 b5 21. f5
a5 22. d5 b4 23. Nfd4 bxc3 24. bxc3 Bxd5 25. Ka1 Rab8 26. Qf4 Qa4 27. Rb1 Qa3
28. Nb5 Qc5 29. Ned4 Bc6 30. Rge1 d5 31. Qc7 Rec8 32. Qxa5 Bxb5 33. Nxb5 Qf2
34. Qb4 h6 35. Red1 Rd8 36. Qb2 Qf3 37. Qc2 Rxb5 38. Rxb5 Nxc3 39. Rbb1 Nxd1
40. Rxd1 Qxh3 41. Rd4 Qe3 42. Qd2 Qg1+ 43. Qd1 Qxd1+ 44. Rxd1 Kf8 45. Kb2 Ke7
46. Kc3 Kd6 47. Rb1 Kc6 48. Re1 Rd7 49. Re8 Kc5 50. Rc8+ Kd6 51. Kd4 Ke7 52.
Ke5 f6+ 53. Kd4 Kf7 54. Ra8 g6 55. fxg6+ Kxg6 56. Rg8+ Kf7 57. Rh8 Kg7 58. Ra8
Kf7 59. Rh8 Ke6 60. Rxh6 Rg7 61. Rh4 Kd6 62. a4 Re7 63. Rh8 Re4+ 64. Kc3 Rxg4
65. Kb4 Rg1 66. Rd8+ Kc6 67. Rc8+ Kb7 68. Rf8 Rb1+ 69. Kc3 Rb3+ 70. Kd4 Rd3+
71. Kc5 c3 72. Kb5 c2 73. Rf7+ Kc8 74. Rf8+ Kd7 75. Rf7+ Ke6 76. Rc7 Rb3+ 77.
Ka6 Rb2 78. a5 d4 79. Ka7 d3 80. Ka6 d2 0-1

[Event "Goldener Springer"]
[Site "FrankfurtIMain"]
[Date "2018.??.??"]
[Round "1.14"]
[White "Reitz, Gerhard"]
[Black "Dolzhykova, Kateryna"]
[Result "0-1"]
[WhiteElo "1998"]
[BlackElo "2270"]
[PlyCount "64"]
[EventDate "2018.??.??"]
[WhiteTeam "SC Obertshausen"]

1. e4 c5 2. Nf3 Nc6 3. d4 cxd4 4. Nxd4 Nf6 5. Nc3 g6 6. Nb3 Bg7 7. Be2 O-O 8.
O-O d6 9. Bg5 a5 10. a4 Be6 11. Kh1 Rc8 12. f4 Nb4 13. Bf3 Qb6 14. e5 Nxc2 15.
Qxc2 Bxb3 16. Qf2 Qxf2 17. Rxf2 dxe5 18. fxe5 Nd7 19. Bxe7 Rfe8 20. Bd6 Nxe5
21. Bxb7 Nd3 22. Rff1 Bxc3 23. bxc3 Rxc3 24. h3 Re2 25. Ra3 Nb2 26. Rxb3 Rxb3
27. Bd5 Rd3 28. Bxf7+ Kg7 29. Bh2 Rd1 30. Rxd1 Nxd1 31. Bd5 Re1+ 32. Bg1 Nc3
0-1

[Event "Goldener Springer"]
[Site "FrankfurtIMain"]
[Date "2018.??.??"]
[Round "1.15"]
[White "Meyner, Hannes"]
[Black "Lange, Martin"]
[Result "1-0"]
[WhiteElo "2178"]
[BlackElo "1826"]
[PlyCount "69"]
[EventDate "2018.??.??"]
[WhiteTeam "TG Wehlheiden"]
[BlackTeam "Sfr. Kelkheim"]

1. d4 Nf6 2. c4 g6 3. Nc3 d5 4. cxd5 Nxd5 5. e4 Nxc3 6. bxc3 Bg7 7. Nf3 c5 8.
Be3 O-O 9. Be2 Nc6 10. O-O Bg4 11. d5 Na5 12. Rc1 Rc8 13. c4 b6 14. h3 Bd7 15.
e5 Nb7 16. Qd2 Ba4 17. Bh6 a6 18. Bxg7 Kxg7 19. Ng5 h6 20. Ne4 f5 21. Nc3 Be8
22. Rfd1 Rb8 23. Rb1 Na5 24. f4 Kh7 25. Kh2 h5 26. Qe1 Kg7 27. Qh4 Qd7 28. Qg5
Rh8 29. Bd3 Kh7 30. Ne2 b5 31. Ng1 b4 32. e6 Qd6 33. Nf3 Ba4 34. Ne5 Rhg8 35.
Nf7 1-0

[Event "Goldener Springer"]
[Site "FrankfurtIMain"]
[Date "2018.??.??"]
[Round "1.16"]
[White "Holzschuh, Gerald"]
[Black "Varma, Christopher"]
[Result "1-0"]
[WhiteElo "2100"]
[BlackElo "1809"]
[PlyCount "133"]
[EventDate "2018.??.??"]
[WhiteTeam "SVG Echzell"]
[BlackTeam "SC Bad Nauheim"]

1. e4 e6 2. d4 d5 3. exd5 exd5 4. Nf3 Nf6 5. c4 Bb4+ 6. Nc3 O-O 7. Be2 dxc4 8.
O-O Nc6 9. Bxc4 Bg4 10. Be3 Qd6 11. h3 Bxf3 12. Qxf3 Nxd4 13. Qxb7 Rfb8 14. Qa6
Qxa6 15. Bxa6 Nc2 16. Rac1 Nxe3 17. fxe3 Ba5 18. b3 Bb6 19. Rf3 Re8 20. Kf2
Rad8 21. Ke2 Re5 22. Rc2 Rde8 23. Nd1 Bxe3 24. Rxe3 Rxe3+ 25. Nxe3 Nd5 26. Kf2
Rxe3 27. Rc5 Re5 28. Bc4 Rf5+ 29. Kg1 Ne3 30. Rxc7 g6 31. Rxa7 Nxc4 32. bxc4
Rc5 33. Ra4 Kf8 34. Kf2 Re5 35. Ra3 Rc5 36. Ra4 Ke7 37. Kf3 Kd7 38. Rb4 Kd6 39.
Rb6+ Kd7 40. Rb7+ Ke6 41. Rb8 Re5 42. Rb3 Kd6 43. Rb5 Re1 44. Rb7 Ra1 45. Ra7
Kc5 46. Kg3 Kxc4 47. Rxf7 Rxa2 48. Rxh7 Kd5 49. Rg7 Ra6 50. Kf4 Ra4+ 51. Kg5
Ra2 52. g4 Ke4 53. Rxg6 Ra5+ 54. Kh4 Ra8 55. Rf6 Ke5 56. g5 Ra3 57. Rf1 Ke6 58.
Kg4 Ke7 59. h4 Ra4+ 60. Rf4 Ra8 61. g6 Rh8 62. h5 Rg8 63. Kg5 Ra8 64. g7 Ra5+
65. Rf5 Ra1 66. Kg6 Ra6+ 67. Kh7 1-0

[Event "Goldener Springer"]
[Site "FrankfurtIMain"]
[Date "2018.??.??"]
[Round "1.17"]
[White "Orwatsch, Gerhard"]
[Black "Dyga, Ryszard"]
[Result "1-0"]
[WhiteElo "2055"]
[BlackElo "1542"]
[PlyCount "81"]
[EventDate "2018.??.??"]
[WhiteTeam "SK Gießen"]
[BlackTeam "SV Hofheim"]

1. d4 d5 2. Bf4 g6 3. Nf3 Bg7 4. e3 Nf6 5. h3 O-O 6. Nbd2 Nbd7 7. Be2 c5 8. c3
Re8 9. O-O b6 10. a4 Bb7 11. Ne5 a6 12. Qb3 Nf8 13. dxc5 Ne6 14. cxb6 Nxf4 15.
exf4 Qd6 16. a5 Nh5 17. Bxh5 gxh5 18. Rfe1 e6 19. Qd1 f6 20. Nd3 e5 21. fxe5
fxe5 22. Qxh5 Re6 23. Nf1 Rh6 24. Qd1 e4 25. Nb4 Qg6 26. Re3 Qe6 27. Nc2 Rf8
28. Nd4 Qf7 29. Qe1 Be5 30. b4 Qg7 31. Ng3 Bc8 32. b5 Bf4 33. bxa6 Bxa6 34.
Ngf5 Qg5 35. Nxh6+ Qxh6 36. Qd2 Bxe3 37. Qxe3 Qf6 38. Rb1 Qc6 39. Qg5+ Kh8 40.
Qe5+ Kg8 41. Nf5 1-0

[Event "Goldener Springer"]
[Site "FrankfurtIMain"]
[Date "2018.??.??"]
[Round "1.18"]
[White "Pessotschinski, Lars"]
[Black "Chandler, Patrick"]
[Result "0-1"]
[WhiteElo "1024"]
[BlackElo "2170"]
[PlyCount "48"]
[EventDate "2018.??.??"]
[WhiteTeam "TuS Makkabi"]
[BlackTeam "SC Nied"]

1. e4 c5 2. Nc3 Nc6 3. f4 g6 4. Nf3 Bg7 5. Bc4 e6 6. O-O Nge7 7. Nb5 d5 8. exd5
exd5 9. Be2 a6 10. Nc3 O-O 11. Qe1 b5 12. Qf2 Nd4 13. Nd1 Nxc2 14. Rb1 Nd4 15.
Nxd4 Bxd4 16. Qxd4 cxd4 17. d3 Be6 18. b3 Rc8 19. Bb2 Qb6 20. Ba3 b4 21. Bb2
Rc2 22. Bf3 Rfc8 23. Nf2 Nf5 24. Bd1 R2c3 0-1

[Event "Goldener Springer"]
[Site "FrankfurtIMain"]
[Date "2018.??.??"]
[Round "1.19"]
[White "Romero Flores, Antonio Cesar Feli"]
[Black "Blaschke, Henri Johannes"]
[Result "1/2-1/2"]
[WhiteElo "1884"]
[BlackElo "1798"]
[PlyCount "40"]
[EventDate "2018.??.??"]
[WhiteTeam "VSG Offenbach"]
[BlackTeam "SK Vellmar"]

1. e4 e5 2. Nf3 Nc6 3. Bb5 Nf6 4. O-O Nxe4 5. d4 Nd6 6. Bxc6 dxc6 7. dxe5 Nf5
8. Qxd8+ Kxd8 9. Nc3 Be7 10. h3 Nh4 11. Ng5 Ke8 12. Nge4 b6 13. f4 h5 14. Be3
Nf5 15. Bf2 Ba6 16. Rfe1 Rd8 17. Nf6+ Kf8 18. Nfe4 Ke8 19. Nf6+ Kf8 20. Nfe4
Ke8 1/2-1/2

[Event "Goldener Springer"]
[Site "FrankfurtIMain"]
[Date "2018.??.??"]
[Round "1.20"]
[White "Gutacker, Stephan"]
[Black "Hebauf, Markus"]
[Result "1-0"]
[WhiteElo "1916"]
[BlackElo "1329"]
[Annotator "Lotz,Kolja Alecsander"]
[PlyCount "33"]
[EventDate "2018.??.??"]
[WhiteTeam "Sfr. Kelkheim"]

1. e4 e6 2. d4 b6 3. Bd3 c5 4. Nf3 Bb7 5. O-O Be7 6. Nc3 cxd4 7. Nxd4 Nc6 8.
Nxc6 Bxc6 9. Qe2 Qc7 10. Nb5 Bxb5 11. Bxb5 Rc8 12. c3 Bd6 13. f4 Bc5+ 14. Kh1
Nf6 15. Rd1 O-O 16. e5 Nd5 17. c4 {Zeitüberschreitung} 1-0

[Event "Goldener Springer"]
[Site "FrankfurtIMain"]
[Date "2018.??.??"]
[Round "1.21"]
[White "Henrich, David"]
[Black "Baschin, Wolf Hajo"]
[Result "1-0"]
[WhiteElo "2092"]
[BlackElo "1743"]
[PlyCount "57"]
[EventDate "2018.??.??"]
[WhiteTeam "Frankfurter TV"]
[BlackTeam "SVG Caissa Kassel"]

1. c4 e5 2. g3 Nc6 3. Nc3 Bc5 4. Bg2 Nge7 5. e3 d6 6. Nge2 O-O 7. O-O Bg4 8. h3
Bh5 9. a3 a5 10. d3 f5 11. f4 exf4 12. gxf4 Ng6 13. d4 Bb6 14. Kh2 Nh4 15. Bh1
Kh8 16. b3 h6 17. Qd3 g5 18. d5 Ne7 19. Nd4 Bxd4 20. Qxd4+ Kh7 21. Bb2 g4 22.
Ne4 Rf7 23. Nf6+ Kg6 24. Rg1 Ng8 25. Nxh5 Kxh5 26. hxg4+ fxg4 27. Rxg4 Qd7 28.
Rxh4+ Kxh4 29. f5+ 1-0

[Event "Goldener Springer"]
[Site "FrankfurtIMain"]
[Date "2018.??.??"]
[Round "2.1"]
[White "Adamczyk, Matthias"]
[Black "Gutacker, Stephan"]
[Result "1-0"]
[WhiteElo "1817"]
[BlackElo "1916"]
[PlyCount "75"]
[EventDate "2018.??.??"]
[WhiteTeam "SC Weiterstadt"]
[BlackTeam "Sfr. Kelkheim"]

1. d4 Nf6 2. c4 e5 3. dxe5 Ng4 4. Nf3 Nc6 5. Nc3 Ngxe5 6. e3 d6 7. Nd4 Be7 8.
Be2 O-O 9. b3 Bf6 10. Bb2 Ne7 11. Ne4 N7g6 12. O-O Be7 13. Nf3 f5 14. Qd5+ Kh8
15. Nxe5 dxe5 16. Nc3 c6 17. Qxd8 Rxd8 18. Rad1 Be6 19. Bh5 Kg8 20. Ne2 Bf6 21.
f4 e4 22. Bxf6 gxf6 23. Nd4 Kf7 24. g4 c5 25. gxf5 cxd4 26. fxe6+ Ke7 27. exd4
f5 28. d5 Rg8 29. Kh1 Kd6 30. Bxg6 Rxg6 31. Rg1 Rag8 32. Rxg6 hxg6 33. Rg1 Rh8
34. Rf1 Rh3 35. Kg2 Rd3 36. Rf2 e3 37. Re2 g5 38. fxg5 1-0

[Event "Goldener Springer"]
[Site "FrankfurtIMain"]
[Date "2018.??.??"]
[Round "2.2"]
[White "Blaschke, Henri Johannes"]
[Black "Rutsatz, Mario"]
[Result "1/2-1/2"]
[WhiteElo "1798"]
[BlackElo "1993"]
[PlyCount "148"]
[EventDate "2018.??.??"]
[WhiteTeam "SK Vellmar"]
[BlackTeam "SF Frankfurt"]

1. d4 Nf6 2. c4 c5 3. Nf3 g6 4. Nc3 Qa5 5. Bd2 Qb6 6. Na4 Qc7 7. Nxc5 d6 8. Nb3
Bg4 9. e3 Ne4 10. Be2 Nc6 11. O-O Bg7 12. Rc1 a5 13. Be1 a4 14. Nbd2 Nf6 15.
Nb1 O-O 16. Nc3 Qa5 17. Nb5 Qd8 18. Nd2 Bd7 19. Bf3 Qb6 20. Ne4 Na5 21. Nec3
Nxc4 22. Be2 Nxb2 23. Qd2 a3 24. Nxa3 Rxa3 25. Rb1 Rc8 26. Rxb2 Qa5 27. Nb1
Qxd2 28. Bxd2 Ra7 29. Nc3 Bc6 30. f3 Nd5 31. Rc1 Nxc3 32. Bxc3 Bd5 33. Bd2
Rxc1+ 34. Bxc1 Rxa2 35. Kf2 f5 36. h3 f4 37. Rxa2 fxe3+ 38. Bxe3 Bxa2 39. Bb5
Kf7 40. Ke2 Bd5 41. Kd3 Bf6 42. Bf4 Bc6 43. Bc4+ d5 44. Bb3 e6 45. Bc7 Bb5+ 46.
Ke3 Bf1 47. g3 h5 48. h4 b5 49. Bd6 Be7 50. Bc5 Bc4 51. Bc2 Bd8 52. Bb4 Bb6 53.
f4 Bf1 54. Bb1 Bc4 55. Bc2 Bd8 56. Bb1 e5 57. fxe5 g5 58. hxg5 Bxg5+ 59. Kf3
Bb3 60. Bd3 Bc4 61. Bc2 h4 62. gxh4 Bxh4 63. Bf5 Be7 64. Bg6+ Kf8 65. Bxe7+
Kxe7 66. Ke3 b4 67. Kd2 Kd7 68. Kc2 Ke6 69. Kb2 Ke7 70. Kc2 Kf8 71. Kb2 Kg7 72.
Bf5 Kf7 73. Bd7 Ke7 74. Bf5 Kf7 1/2-1/2

[Event "Goldener Springer"]
[Site "FrankfurtIMain"]
[Date "2018.??.??"]
[Round "2.3"]
[White "Geske, Julian"]
[Black "Spiegelberg, Silvia"]
[Result "1-0"]
[WhiteElo "2401"]
[BlackElo "1892"]
[PlyCount "59"]
[EventDate "2018.??.??"]
[WhiteTeam "Wiesbadener SV"]
[BlackTeam "SF Sasbach"]

1. c4 c5 2. g3 Nf6 3. Bg2 d5 4. cxd5 Nxd5 5. Nc3 Nc7 6. Nf3 Nc6 7. O-O e5 8. d3
Be7 9. Nd2 O-O 10. Nc4 f6 11. f4 Rb8 12. fxe5 Nxe5 13. Nxe5 fxe5 14. Rxf8+ Bxf8
15. Be3 b6 16. Qa4 a6 17. Rf1 Be6 18. a3 Be7 19. Rf2 Qd6 20. Ne4 Qd8 21. Bd2 b5
22. Qc2 c4 23. Bc3 Nd5 24. Bxe5 Rc8 25. Qd2 Qb6 26. d4 a5 27. Ng5 c3 28. bxc3
Bxa3 29. Nxe6 Qxe6 30. Qa2 1-0

[Event "Goldener Springer"]
[Site "FrankfurtIMain"]
[Date "2018.??.??"]
[Round "2.4"]
[White "Drill, Frank"]
[Black "Weiland, Thomas"]
[Result "1-0"]
[WhiteElo "2014"]
[BlackElo "1790"]
[PlyCount "51"]
[EventDate "2018.??.??"]
[WhiteTeam "SF Neuberg"]
[BlackTeam "SV Oberursel"]

1. e4 d5 2. d4 e6 3. Nc3 dxe4 4. Nxe4 Nf6 5. Nxf6+ Qxf6 6. Nf3 Qd8 7. Be3 Be7
8. Bd3 Nd7 9. Qe2 Nf6 10. O-O-O c6 11. Ne5 Bd7 12. Kb1 a5 13. Qf3 O-O 14. Qh3
g6 15. Bh6 Re8 16. Qf3 Bf8 17. Bg5 Be7 18. h4 Bc8 19. h5 Rf8 20. Bh6 Re8 21.
Nxf7 Kxf7 22. hxg6+ hxg6 23. Bxg6+ Kxg6 24. Qg3+ Ng4 25. Qxg4+ Bg5 26. f4 1-0

[Event "Goldener Springer"]
[Site "FrankfurtIMain"]
[Date "2018.??.??"]
[Round "2.5"]
[White "Heun, Andreas"]
[Black "Kuban, Guenther"]
[Result "0-1"]
[WhiteElo "1707"]
[BlackElo "2109"]
[PlyCount "52"]
[EventDate "2018.??.??"]
[WhiteTeam "SC Ladja Roßdorf"]
[BlackTeam "SV Oberursel"]

1. e4 c5 2. Nc3 a6 3. Nf3 Nc6 4. d4 cxd4 5. Nxd4 d6 6. Be3 Nf6 7. Nxc6 bxc6 8.
e5 Ng4 9. exd6 exd6 10. Qd2 Be7 11. O-O-O Nxe3 12. Qxe3 O-O 13. Bd3 Re8 14. Qg3
d5 15. h4 Bf6 16. h5 Bd7 17. h6 g6 18. f4 Rb8 19. f5 Be5 20. Qf3 Qg5+ 21. Rd2
Bf4 22. fxg6 Bxd2+ 23. Kd1 fxg6 24. Be2 Rxb2 25. Rf1 Bf5 26. Bd3 Bxc3 0-1